It @ D day : (Record no. 146244)

MARC details
000 -LEADER
fixed length control field 00501nam a22001817a 4500
005 - DATE AND TIME OF LATEST TRANSACTION
control field 20171009111239.0
010 ## - LCCN (DPL NO)
LC control number ENG-120753
020 ## - INTERNATIONAL STANDARD BOOK NUMBER
International Standard Book Number 9789386191151
Terms of availability 200.00
035 ## - SYSTEM CONTROL NUMBER
System control number EN-104285
037 ## - SOURCE OF ACQUISITION
Source of stock number/acquisition DBAD/PUB
082 ## - DEWEY DECIMAL CLASSIFICATION NUMBER
Classification number N
100 ## - MAIN ENTRY--PERSONAL NAME
Personal name Basu,Anirban
245 ## - TITLE STATEMENT
Title It @ D day :
Remainder of title when machine hunts man /
260 ## - PUBLICATION, DISTRIBUTION, ETC. (IMPRINT)
Place of publication, distribution, etc New Delhi
Name of publisher, distributor, etc Lifi Publication
Date of publication, distribution, etc 2017
270 ## - ADDRESS
Address 211,2nd Floor,Gagandeep,12 Rajendra Place
City New Delhi
Postal code 110008
300 ## - PHYSICAL DESCRIPTION
Extent 146p.
Dimensions 20cm (pbk)
942 ## - ADDED ENTRY ELEMENTS (KOHA)
Source of classification or shelving scheme Dewey Decimal Classification
Item type English Books
Classification part N
Call number suffix BAS
Holdings
Withdrawn status Lost status Not for loan Collection code Home library Current library Date acquired Source of acquisition Cost, normal purchase price Full call number Barcode Copy number Cost, replacement price Koha item type
    Not For Loan Non-fiction D.B.Act.Division Bawana 09/10/2017 DBAD/PUB 200.00 N BAS EN-104285 1 200.00 English Books

© Delhi Public Library
Hit Counter
free hit counter